| 000 | 00614nam a22001817a 4500 | ||
|---|---|---|---|
| 005 | 20170616161051.0 | ||
| 010 | _aENG-118734 | ||
| 020 | _c175.00 | ||
| 035 | _aEN-102266 | ||
| 037 | _bDBAD/PUB | ||
| 082 | _a590 | ||
| 100 | _aRao, P. Venkateswara | ||
| 245 |
_aZoology m.sc., entrance exams preparation material : _cby P. Venkateswra Rao _buseful for all universities and other competitive exams / |
||
| 260 |
_aHyderabad _bLorven Publications _c2010 |
||
| 270 |
_a3-5- 1108, Maruthi Complex, Narayanguda _bHyderbad _e500029 |
||
| 300 |
_a175p. _c23cm(pbk) |
||
| 942 |
_2ddc _cEN _h590 _mRAO |
||
| 999 |
_c141264 _d141264 |
||